| 000 | 00643nam a2200181Ia 4500 | ||
|---|---|---|---|
| 008 | 090123s9999 xx 000 0 und d | ||
| 082 |
_b14663 _a891.463/देशपां |
||
| 100 | _aदेशपांडे हेरंब | ||
| 245 | _aमंतरलेली अंतरलेली | ||
| 250 | _a1 | ||
| 260 | _bप्रपंच प्रकाशन | ||
| 300 | _a140 | ||
| 600 | _aदेशपांडे हेरंब | ||
| 630 | _aमंतरलेली अंतरलेली | ||
| 700 | _aदेशपांडे हेरंब | ||
| 730 | _aमंतरलेली अंतरलेली | ||
| 942 | _cBOOK | ||
| 999 |
_c52724 _d52724 |
||